|
|
|
|
| LEADER |
00000cam a22000002c 4500 |
| 001 |
1105505170 |
| 003 |
DE-627 |
| 005 |
20220515121007.0 |
| 007 |
tu |
| 008 |
931012s1990 xx ||||| 00| ||rus c |
| 035 |
|
|
|a (DE-627)1105505170
|
| 035 |
|
|
|a (DE-576)035505176
|
| 035 |
|
|
|a (DE-599)BSZ035505176
|
| 040 |
|
|
|a DE-627
|b ger
|c DE-627
|e rakwb
|
| 041 |
|
|
|a rus
|
| 100 |
1 |
|
|a Popov, Vladimir I.
|0 (DE-627)1241160767
|0 (DE-576)171160762
|4 aut
|
| 109 |
|
|
|a Popov, Vladimir I.
|a Popov, Vladimir Ivanovič
|a Popov, V. I.
|
| 245 |
1 |
0 |
|a Organizacija professional'no-techničeskogo obrazovanija i professional'nogo obučenija osuždennych v ITU
|b učebnoe posobie
|c Vladimir Ivanovič Popov; Gennadij L'vovič Popov; Nadežda Aleksandrovna Cvetkova
|
| 264 |
|
1 |
|a Moskva
|b MVD SSSR
|c 1990
|
| 300 |
|
|
|a 78 S.
|
| 336 |
|
|
|a Text
|b txt
|2 rdacontent
|
| 337 |
|
|
|a ohne Hilfsmittel zu benutzen
|b n
|2 rdamedia
|
| 338 |
|
|
|a Band
|b nc
|2 rdacarrier
|
| 500 |
|
|
|a In kyrill. Schr., russ
|
| 583 |
1 |
|
|a Archivierung prüfen
|c 20200919
|f DE-640
|z 1
|2 pdager
|
| 700 |
1 |
|
|a Popov, Gennadij L.
|4 aut
|
| 700 |
1 |
|
|a Cvetkova, Nadežda A.
|4 aut
|
| 935 |
|
|
|a mkri
|
| 951 |
|
|
|a BO
|
| ELC |
|
|
|b 1
|
| LOK |
|
|
|0 000 xxxxxcx a22 zn 4500
|
| LOK |
|
|
|0 001 2215929677
|
| LOK |
|
|
|0 003 DE-627
|
| LOK |
|
|
|0 004 1105505170
|
| LOK |
|
|
|0 005 19931012000000
|
| LOK |
|
|
|0 008 931012||||||||||||||||ger|||||||
|
| LOK |
|
|
|0 040
|a DE-Frei85
|c DE-627
|d DE-Frei85
|
| LOK |
|
|
|0 852
|a DE-Frei85
|
| LOK |
|
|
|0 852 1
|m p
|9 00
|
| LOK |
|
|
|0 938
|k p
|
| LOK |
|
|
|0 939
|a 12-10-93
|b l01
|
| ORI |
|
|
|a SA-MARC-krimdoka001.raw
|